[Event "Kostroma Volga Cup (Women)"]
[Site "Kostroma"]
[Date "2010.07.09"]
[Round "9.1"]
[White "Karibaeva, Elvira"]
[Black "Tantsiura, Marja"]
[Result "1-0"]
[WhiteElo "2142"]
[BlackElo "2030"]
[PlyCount "75"]
[EventDate "2010.07.03"]
[EventType "tourn"]
[EventRounds "11"]
[EventCountry "RUS"]
[SourceTitle "EXT 2011"]
[Source "ChessBase"]
[SourceDate "2010.11.26"]
[SourceVersion "1"]
[SourceVersionDate "2010.11.26"]
[SourceQuality "1"]

1. d4 g6 2. c4 Bg7 3. Nc3 Nf6 4. Nf3 0-0 5. Bf4 c5 6. e3 d6 7. Be2 Nc6 8. 0-0 b6 9. h3 Bb7 10. d5 Nb4 11. Qd2 Na6 12. Rad1 Nc7 13. e4 a6 14. Qe3 b5 15. b3 Nfe8 16. e5 bxc4 17. bxc4 a5 18. Ne4 Ba6 19. Bh6 Rb8 20. g4 f5 21. gxf5 Rxf5 22. Ng3 Rxf3 23. Bxf3 Bxc4 24. Rfe1 Bxa2 25. Bxg7 Nxg7 26. h4 Bb3 27. Rd3 a4 28. h5 Qf8 29. hxg6 Nge8 30. gxh7+ Kh8 31. exd6 exd6 32. Qg5 Qg7 33. Qf4 Qf6 34. Qg4 Qg7 35. Qh4 Nf6 36. Rde3 Ncxd5 37. Bxd5 Nxd5 38. Re8+ 1-0

[Event "Kostroma Volga Cup (Women)"]
[Site "Kostroma"]
[Date "2010.07.03"]
[Round "2.3"]
[White "Tarleva, Vira"]
[Black "Karibaeva, Elvira"]
[Result "1-0"]
[WhiteElo "2109"]
[BlackElo "2142"]
[PlyCount "69"]
[EventDate "2010.07.03"]
[EventType "tourn"]
[EventRounds "11"]
[EventCountry "RUS"]
[SourceTitle "EXT 2011"]
[Source "ChessBase"]
[SourceDate "2010.11.26"]
[SourceVersion "1"]
[SourceVersionDate "2010.11.26"]
[SourceQuality "1"]

1. e4 c5 2. Nf3 Nc6 3. d4 cxd4 4. Nxd4 Nf6 5. Nc3 d6 6. Bc4 e5 7. Nf3 Be6 8. Bb3 h6 9. Bxe6 fxe6 10. Nh4 Qd7 11. Ng6 Rg8 12. Be3 0-0-0 13. Qe2 d5 14. Nxf8 Rgxf8 15. Bc5 Rfe8 16. a4 g5 17. 0-0 Kb8 18. a5 Qh7 19. a6 d4 20. axb7 Qxb7 21. Ra3 Ka8 22. Nb5 d3 23. Rxd3 Rxd3 24. Qxd3 Rd8 25. Qc4 Nxe4 26. Qxe4 Qxb5 27. b4 Kb8 28. c4 Qb7 29. b5 Na5 30. Qxe5+ Ka8 31. Qxe6 Rc8 32. Bxa7 Rxc4 33. Be3 Qxb5 34. Rd1 Nb7 35. Qg8+ 1-0

[Event "Anapa (Women)"]
[Site "Anapa"]
[Date "2009.09.09"]
[Round "13"]
[White "Baraeva, Irina"]
[Black "Karibaeva, Elvira"]
[Result "1-0"]
[WhiteElo "2038"]
[BlackElo "2133"]
[PlyCount "133"]
[EventDate "2009.08.30"]
[EventType "tourn"]
[EventRounds "13"]
[EventCountry "RUS"]
[SourceTitle "CBM 132 Extra"]
[Source "ChessBase"]
[SourceDate "2009.11.03"]
[SourceVersion "1"]
[SourceVersionDate "2009.11.03"]
[SourceQuality "1"]

1. c4 e5 2. Nc3 Nf6 3. g3 d5 4. cxd5 Nxd5 5. Bg2 Nb6 6. Nf3 Nc6 7. 0-0 Be7 8. a3 a5 9. d3 0-0 10. Be3 Be6 11. Bxb6 cxb6 12. Rc1 f5 13. Qd2 Bf6 14. Rfd1 Re8 15. Nb5 Bb3 16. Re1 e4 17. Nh4 Re5 18. Nc3 g5 19. Nxf5 Rxf5 20. Bxe4 Rc5 21. Bg2 Bg7 22. e3 Qd7 23. d4 g4 24. Qe2 Rg5 25. Ne4 Rg6 26. Qb5 a4 27. Nd2 Bf7 28. Nc4 Qd8 29. Qxb6 Qxb6 30. Nxb6 Ra6 31. Nd7 Bf8 32. Bxc6 Rgxc6 33. Ne5 Rxc1 34. Rxc1 Rb6 35. Rc2 Bb3 36. Rc8 Be6 37. Re8 Rd6 38. Rb8 Rb6 39. d5 Bxd5 40. Rxf8+ Kxf8 41. Nd7+ Ke7 42. Nxb6 Bb3 43. e4 Kd6 44. Kf1 Kc5 45. Nd7+ Kd4 46. e5 Be6 47. Nb6 Kxe5 48. Nxa4 Kd4 49. Ke2 Bd7 50. Nc3 Kc4 51. Ne4 Bc6 52. Nd2+ Kd4 53. f4 Bb5+ 54. Ke1 Bd7 55. Nb3+ Kd5 56. Kd2 Ba4 57. Kc3 Be8 58. Nd2 Bf7 59. Nc4 h5 60. a4 Be8 61. b4 Bc6 62. b5 Be8 63. Na5 b6 64. Nc4 Kc5 65. Ne5 Kd5 66. Kb4 Kd6 67. a5 1-0

[Event "Anapa (Women)"]
[Site "Anapa"]
[Date "2009.09.06"]
[Round "10"]
[White "Karibaeva, Elvira"]
[Black "Baraeva, Marina"]
[Result "1/2-1/2"]
[WhiteElo "2133"]
[BlackElo "1983"]
[PlyCount "52"]
[EventDate "2009.08.30"]
[EventType "tourn"]
[EventRounds "13"]
[EventCountry "RUS"]
[SourceTitle "CBM 132 Extra"]
[Source "ChessBase"]
[SourceDate "2009.11.03"]
[SourceVersion "1"]
[SourceVersionDate "2009.11.03"]
[SourceQuality "1"]

1. c4 c5 2. Nf3 Nc6 3. d4 cxd4 4. Nxd4 g6 5. Nc3 Bg7 6. Nc2 Nf6 7. e4 d6 8. Be2 Bd7 9. 0-0 0-0 10. Rb1 a5 11. b3 b6 12. Bb2 Rc8 13. h3 Re8 14. f4 Qc7 15. Nb5 Qb7 16. Bf3 Red8 17. Re1 Ne8 18. Bxg7 Kxg7 19. Ne3 Nc7 20. Nxc7 Qxc7 21. Nd5 Qa7 22. Kh1 Be6 23. Qd2 Bxd5 24. exd5 Nb4 25. a3 Na6 26. Qd4+ Kg8 1/2-1/2

[Event "Anapa (Women)"]
[Site "Anapa"]
[Date "2009.09.03"]
[Round "6"]
[White "Tarleva, Vira"]
[Black "Karibaeva, Elvira"]
[Result "0-1"]
[WhiteElo "2102"]
[BlackElo "2133"]
[PlyCount "86"]
[EventDate "2009.08.30"]
[EventType "tourn"]
[EventRounds "13"]
[EventCountry "RUS"]
[SourceTitle "CBM 132 Extra"]
[Source "ChessBase"]
[SourceDate "2009.11.03"]
[SourceVersion "1"]
[SourceVersionDate "2009.11.03"]
[SourceQuality "1"]

1. e4 c5 2. Nf3 Nc6 3. d4 cxd4 4. Nxd4 Nf6 5. Nc3 d6 6. g3 g6 7. Bg2 Bd7 8. Nde2 Bg7 9. 0-0 0-0 10. Nd5 Nxd5 11. exd5 Ne5 12. Nd4 Rc8 13. b3 Qb6 14. Bf4 h6 15. h3 Qa6 16. Re1 b5 17. Qd2 g5 18. Be3 Ng6 19. c3 Rc7 20. h4 gxh4 21. Bxh6 hxg3 22. fxg3 Qb6 23. Be3 Qa5 24. Rac1 Qa6 25. Nc6 e5 26. Rf1 f5 27. Bh6 Qb6+ 28. Rf2 f4 29. Bxg7 Kxg7 30. Kf1 Bg4 31. c4 bxc4 32. bxc4 Rcf7 33. c5 Qa6+ 34. Kg1 fxg3 35. Rxf7+ Rxf7 36. Bf1 Qc8 37. cxd6 Qh8 38. Qg2 Qh6 39. Re1 Qh4 40. Nxe5 Nxe5 41. Rxe5 Bf3 42. Re4 Bxe4 43. Qb2+ Kh7 0-1

[Event "Saratov Region-ch (Women)"]
[Site "Saratov"]
[Date "2008.11.20"]
[Round "1"]
[White "Terekhina, Nataliya"]
[Black "Karibaeva, Elvira"]
[Result "1/2-1/2"]
[WhiteElo "1866"]
[BlackElo "2164"]
[PlyCount "27"]
[EventDate "2008.11.20"]
[EventType "swiss"]
[EventRounds "9"]
[EventCountry "RUS"]
[SourceTitle "EXT 2022"]
[Source "ChessBase"]
[SourceDate "2021.10.06"]
[SourceVersion "1"]
[SourceVersionDate "2021.10.06"]
[SourceQuality "1"]

1. e4 c5 2. c3 d5 3. exd5 Qxd5 4. d4 Nf6 5. h3 Nc6 6. Nf3 Bf5 7. Be2 cxd4 8. cxd4 Bxb1 9. Rxb1 Qxa2 10. Bd2 Qd5 11. Bc3 e6 12. Ne5 Nxe5 13. dxe5 Nd7 14. Qxd5 1/2-1/2

[Event "RUS-ch (Women) 1st League 58th"]
[Site "Smolensk"]
[Date "2008.03.06"]
[Round "9"]
[White "Travkina, Anastasia"]
[Black "Karibaeva, Elvira"]
[Result "1/2-1/2"]
[WhiteElo "2083"]
[BlackElo "2153"]
[PlyCount "53"]
[EventDate "2008.02.27"]
[EventType "swiss"]
[EventRounds "9"]
[EventCountry "RUS"]
[SourceTitle "CBM 123 Extra"]
[Source "ChessBase"]
[SourceDate "2008.05.06"]
[SourceVersion "1"]
[SourceVersionDate "2008.05.06"]
[SourceQuality "1"]

1. e4 c5 2. c3 d5 3. exd5 Qxd5 4. d4 g6 5. Na3 Bg7 6. Nb5 Na6 7. dxc5 Qxc5 8. Be3 Qe5 9. Nf3 Qh5 10. Be2 Nf6 11. Ng5 Bg4 12. f3 Bd7 13. h4 Bc6 14. Bd2 Rd8 15. Nd4 Rc8 16. g4 Qh6 17. Nxf7 Qxd2+ 18. Qxd2 Kxf7 19. Bc4+ Bd5 20. Bxd5+ Nxd5 21. 0-0 Rhd8 22. Qe2 Nf4 23. Qe4 Bxd4+ 24. cxd4 Rxd4 25. Qxb7 Rc2 26. Qb3+ Rdc4 27. Rfd1 1/2-1/2

[Event "RUS-ch (Women) 1st League 58th"]
[Site "Smolensk"]
[Date "2008.03.04"]
[Round "7"]
[White "Karibaeva, Elvira"]
[Black "Petrova, Olga"]
[Result "1-0"]
[WhiteElo "2153"]
[BlackElo "2102"]
[PlyCount "83"]
[EventDate "2008.02.27"]
[EventType "swiss"]
[EventRounds "9"]
[EventCountry "RUS"]
[SourceTitle "CBM 123 Extra"]
[Source "ChessBase"]
[SourceDate "2008.05.06"]
[SourceVersion "1"]
[SourceVersionDate "2008.05.06"]
[SourceQuality "1"]

1. d4 Nf6 2. c4 g6 3. Nc3 Bg7 4. e4 0-0 5. Be3 d6 6. Be2 e5 7. Nf3 Ng4 8. Bg5 f6 9. Bh4 Nc6 10. 0-0 exd4 11. Nxd4 Nge5 12. f4 Nf7 13. Bf2 Kh8 14. Bf3 Nxd4 15. Bxd4 Be6 16. b3 c6 17. Qd2 Qc7 18. Rad1 Rad8 19. Qb2 Nh6 20. h3 f5 21. Qf2 fxe4 22. Nxe4 Nf5 23. Bxg7+ Nxg7 24. Qxa7 Rxf4 25. Rfe1 Rff8 26. Ng5 Bc8 27. Qd4 Kg8 28. Bg4 Bxg4 29. hxg4 d5 30. Rf1 h6 31. Rxf8+ Rxf8 32. Nf3 dxc4 33. Qxc4+ Kh7 34. Rd4 b5 35. Qd3 Rf6 36. g5 Rf7 37. gxh6 Ne6 38. Rd6 Re7 39. Rxe6 Rxe6 40. Ng5+ Kxh6 41. Nxe6 Qa7+ 42. Qd4 1-0

[Event "Moscow op-C 04th (Women)"]
[Site "Moscow"]
[Date "2008.02.08"]
[Round "7"]
[White "Miloserdova, Irina"]
[Black "Karibaeva, Elvira"]
[Result "0-1"]
[WhiteElo "2015"]
[BlackElo "2153"]
[PlyCount "66"]
[EventDate "2008.02.02"]
[EventType "swiss"]
[EventRounds "9"]
[EventCountry "RUS"]
[SourceTitle "CBM 122 Extra"]
[Source "ChessBase"]
[SourceDate "2008.03.04"]
[SourceVersion "1"]
[SourceVersionDate "2008.03.04"]
[SourceQuality "1"]

1. e4 c5 2. Nf3 Nc6 3. d4 cxd4 4. Nxd4 Nf6 5. Nc3 d6 6. Bc4 e5 7. Nde2 Be6 8. Bb3 Be7 9. Bg5 h6 10. Bxf6 Bxf6 11. Nd5 Bg5 12. Qd3 0-0 13. 0-0 Qd7 14. Rad1 Na5 15. Nec3 Nxb3 16. axb3 Rad8 17. Ne3 Kh8 18. Nc4 Qc6 19. Ne3 a6 20. Ncd5 Rd7 21. c4 Rb8 22. Ra1 Rdd8 23. Rfd1 Bc8 24. Rac1 Qe8 25. Qe2 Qf8 26. Rd3 f5 27. f3 g6 28. Qd1 Bd7 29. b4 Bc6 30. b3 Kh7 31. Nc3 b6 32. Ra1 Bb7 33. Ned5 Bc8 0-1

[Event "RUS-ch (Women) 1st League 57th"]
[Site "Obninsk"]
[Date "2007.03.03"]
[Round "8"]
[White "Abramova, Yulia"]
[Black "Karibaeva, Elvira"]
[Result "1/2-1/2"]
[WhiteElo "2028"]
[BlackElo "2203"]
[PlyCount "78"]
[EventDate "2007.02.24"]
[EventType "swiss"]
[EventRounds "9"]
[EventCountry "RUS"]
[SourceTitle "EXT 2010"]
[Source "ChessBase"]
[SourceDate "2010.11.25"]
[SourceVersion "1"]
[SourceVersionDate "2010.11.25"]
[SourceQuality "1"]

1. e4 c5 2. Nf3 Nc6 3. Bb5 g6 4. Bxc6 dxc6 5. h3 Bg7 6. 0-0 Nh6 7. d3 f6 8. Nc3 e5 9. Be3 b6 10. Nh2 0-0 11. Qd2 Nf7 12. f4 exf4 13. Bxf4 Be6 14. Rae1 Qd7 15. Nf3 Rad8 16. b3 Rfe8 17. Qf2 h6 18. Nd1 a5 19. a4 Qa7 20. Bd2 Kh7 21. Bc3 Nd6 22. e5 fxe5 23. Bxe5 Nf5 24. Bxg7 Qxg7 25. Ne3 Nd4 26. Nc4 Bxc4 27. bxc4 Rf8 28. Re3 Rde8 29. Rxe8 Rxe8 30. Nxd4 cxd4 31. Qf6 Rc8 32. Rf4 Qxf6 33. Rxf6 b5 34. Rf7+ Kg8 35. Ra7 bxc4 36. dxc4 Rb8 37. Rxa5 Rb4 38. Rc5 Rxa4 39. Rxc6 Kg7 1/2-1/2

[Event "RUS-ch (Women) 1st League 57th"]
[Site "Obninsk"]
[Date "2007.02.27"]
[Round "4"]
[White "Charochkina, Daria"]
[Black "Karibaeva, Elvira"]
[Result "1-0"]
[WhiteElo "2235"]
[BlackElo "2203"]
[PlyCount "73"]
[EventDate "2007.02.24"]
[EventType "swiss"]
[EventRounds "9"]
[EventCountry "RUS"]
[SourceTitle "EXT 2010"]
[Source "ChessBase"]
[SourceDate "2010.11.25"]
[SourceVersion "1"]
[SourceVersionDate "2010.11.25"]
[SourceQuality "1"]

1. e4 c5 2. Nf3 Nc6 3. d4 cxd4 4. Nxd4 Nf6 5. Nc3 d6 6. Bg5 Bd7 7. Qd2 Rc8 8. Nb3 h6 9. Bxf6 gxf6 10. 0-0-0 Na5 11. Nd5 Nxb3+ 12. axb3 h5 13. Kb1 Bh6 14. f4 Rg8 15. Be2 h4 16. Bh5 Bg4 17. Bxg4 Rxg4 18. Qe2 Qd7 19. e5 fxe5 20. fxe5 Qe6 21. Qd3 Rxg2 22. exd6 Qxd6 23. Rhf1 Qc5 24. Nc3 Rg6 25. Rf5 Qc6 26. Rdf1 Rg7 27. Qe2 Rd8 28. Rf6 Rd6 29. Rxd6 Qxd6 30. Rd1 Qc6 31. Qe5 f5 32. Qxf5 Rf7 33. Qe5 Bf4 34. Qh8+ Rf8 35. Rd8+ Kxd8 36. Qxf8+ Kd7 37. Qxf4 1-0

[Event "RUS-ch (Women) 1st League 57th"]
[Site "Obninsk"]
[Date "2007.02.26"]
[Round "3"]
[White "Karibaeva, Elvira"]
[Black "Bodnaruk, Anastasia"]
[Result "1/2-1/2"]
[WhiteElo "2203"]
[BlackElo "2278"]
[PlyCount "53"]
[EventDate "2007.02.24"]
[EventType "swiss"]
[EventRounds "9"]
[EventCountry "RUS"]
[SourceTitle "EXT 2010"]
[Source "ChessBase"]
[SourceDate "2010.11.25"]
[SourceVersion "1"]
[SourceVersionDate "2010.11.25"]
[SourceQuality "1"]

1. d4 Nf6 2. c4 g6 3. Nc3 Bg7 4. e4 d6 5. f3 0-0 6. Nge2 a6 7. Be3 Nbd7 8. Qd2 c5 9. Bh6 Bxh6 10. Qxh6 b5 11. dxc5 Nxc5 12. Nd4 Qb6 13. Qd2 e5 14. Nb3 b4 15. Nd5 Nxd5 16. cxd5 Nxb3 17. axb3 f5 18. Bd3 fxe4 19. Bxe4 Bf5 20. Bxf5 Rxf5 21. Rc1 Rf4 22. Rc6 Qb5 23. Rxd6 Rc8 24. Rc6 Rd8 25. Qc2 Qxd5 26. 0-0 a5 27. Re1 1/2-1/2

[Event "RUS-ch (Women) 1st League 57th"]
[Site "Obninsk"]
[Date "2007.02.24"]
[Round "1"]
[White "Karibaeva, Elvira"]
[Black "Chaikina, Anastasia"]
[Result "1-0"]
[WhiteElo "2203"]
[BlackElo "1928"]
[PlyCount "107"]
[EventDate "2007.02.24"]
[EventType "swiss"]
[EventRounds "9"]
[EventCountry "RUS"]
[SourceTitle "EXT 2010"]
[Source "ChessBase"]
[SourceDate "2010.11.25"]
[SourceVersion "1"]
[SourceVersionDate "2010.11.25"]
[SourceQuality "1"]

1. e4 c5 2. Nf3 a6 3. b3 Nc6 4. Bb2 e6 5. g3 Nf6 6. Qe2 g6 7. Bg2 Bg7 8. 0-0 0-0 9. e5 Nd5 10. c4 Nde7 11. Nc3 Qc7 12. Rfe1 Nf5 13. Na4 b6 14. g4 Nfe7 15. Ng5 Bb7 16. Qe3 Nb4 17. Bxb7 Qxb7 18. Rec1 Nbc6 19. f4 Rab8 20. Ne4 Qc7 21. Nf6+ Kh8 22. Qh3 Bxf6 23. exf6 Ng8 24. Rf1 Nd4 25. Bxd4 cxd4 26. g5 e5 27. f5 d6 28. Rad1 Qc6 29. d3 Nxf6 30. gxf6 Rg8 31. Qf3 gxf5+ 32. Kh1 Qxf3+ 33. Rxf3 f4 34. Rg1 Rg6 35. Nb2 Rxf6 36. Rf2 Rg6 37. b4 a5 38. a3 axb4 39. axb4 Kg7 40. Rxg6+ hxg6 41. Kg2 Kf6 42. Kf3 Kf5 43. Na4 b5 44. cxb5 Rxb5 45. Rb2 Rb8 46. b5 g5 47. h3 Ke6 48. b6 f5 49. b7 Ke7 50. Nb6 Ke6 51. Nc4 d5 52. Rb6+ Kd7 53. Nxe5+ Kc7 54. Rb5 1-0

[Event "Saratov Aratovsky Memorial 6th"]
[Site "Saratov"]
[Date "2006.12.02"]
[Round "6"]
[White "Karibaeva, Elvira"]
[Black "Sanzhaev, Darsen"]
[Result "0-1"]
[WhiteElo "2250"]
[BlackElo "1991"]
[PlyCount "54"]
[EventDate "2006.11.27"]
[EventType "swiss"]
[EventRounds "9"]
[EventCountry "RUS"]
[SourceTitle "EXT 2008"]
[Source "ChessBase"]
[SourceDate "2007.11.25"]
[SourceVersion "1"]
[SourceVersionDate "2007.11.25"]
[SourceQuality "1"]

1. c4 e5 2. Nc3 Nc6 3. g3 f5 4. Bg2 Nf6 5. d3 Bc5 6. e3 0-0 7. Nge2 d6 8. 0-0 a5 9. a3 Qe8 10. Nd5 Nxd5 11. Bxd5+ Kh8 12. Rb1 f4 13. d4 exd4 14. exd4 f3 15. Nf4 Nxd4 16. Be3 Rxf4 17. Bxf4 Qh5 18. Re1 Ne2+ 19. Rxe2 fxe2 20. Qd2 c6 21. Bg2 Be6 22. Qc3 Rf8 23. Re1 Kg8 24. Qd3 Bg4 25. h3 Bxh3 26. Bxh3 Qxh3 27. Rxe2 Rxf4 0-1

[Event "Saratov Aratovsky Memorial 6th"]
[Site "Saratov"]
[Date "2006.11.29"]
[Round "3"]
[White "Klimov, Anton"]
[Black "Karibaeva, Elvira"]
[Result "1-0"]
[WhiteElo "2400"]
[BlackElo "2250"]
[PlyCount "63"]
[EventDate "2006.11.27"]
[EventType "swiss"]
[EventRounds "9"]
[EventCountry "RUS"]
[SourceTitle "EXT 2008"]
[Source "ChessBase"]
[SourceDate "2007.11.25"]
[SourceVersion "1"]
[SourceVersionDate "2007.11.25"]
[SourceQuality "1"]

1. e4 c5 2. Nc3 e6 3. Nf3 Nc6 4. d4 cxd4 5. Nxd4 a6 6. g3 Qc7 7. Bg2 Be7 8. 0-0 Nf6 9. a4 0-0 10. Nb3 d6 11. f4 Na5 12. Nxa5 Qxa5 13. Qe1 Bd8 14. Bd2 Bb6+ 15. Kh1 Qc5 16. Qe2 Qc7 17. g4 Bd7 18. g5 Ne8 19. f5 f6 20. g6 h6 21. Bh3 exf5 22. Nd5 Qd8 23. exf5 Bc6 24. Bg2 Bd4 25. Ne7+ Kh8 26. Nxc6 bxc6 27. Bxc6 Ra7 28. c3 Be5 29. Bd5 Qa5 30. c4 Qc5 31. Be3 Qc7 32. Qh5 1-0